000 01362nam a2200253 i 4500
001 183434
003 ES-MaACL
005 20251002204256.0
008 140422s1886 it |||| | ita d
100 1 _aLewis, George Cornewall.
_9154752
245 1 3 _aLe forme dei Governi /
_cCornewall Lewis, De Parieu, Passy. Il popolo e la politica / Hosmer. Le forme di Governo nelle società moderne / De Laveleye. Il Governo rappresentatio /Stuart Mill. Monarchia e Republica / Rodolfo Calamandrei.
260 _aTorino :
_bUnione Tipografico-Editrice,
_c1886.
300 _aCLV, 1283 p. ;
_c25 cm.
490 1 _aBiblioteca di scienze politiche: scelta collezione delle più importanti opere moderne italiane e straniere di scienze politiche / diretta da Attilio Bruniati ;
_v2
700 1 _aParieu, Marie-Louis-Pierre Félix Esquirou de,
_d1815-1893
_9154753
700 1 _aPassy, Hipolytte.
_9130886
700 1 _aHosmer, George Washington.
_9154754
700 1 _aLaveleye, Émile de,
_d1822-1892
_970700
700 1 _aMill, John Stuart,
_d1806-1873
_981119
700 1 _aCalamandrei, Rodolfo.
_9154755
830 0 _aBiblioteca di scienze politiche: scelta collezione delle più importanti opere moderne italiane e straniere di scienze politiche / diretta da Attilio Bruniati ;
_v2
_9224977
852 _aES-MaACL
_jB-9314
999 _c183434
_d183434